000 00654nam a2200205 a 4500
001 000015791
005 20240412074244.0
008 100218s2009 dr 000 p spa d
020 _a9789945420661
040 _aDO-SdBNP
_bspa
_cBNPHU
082 _aRD861.44
_bH181u
100 1 _aHallal Muñoz, Farah,
_d1975-
_935547
245 1 0 _aUna mujer en caracol /
_cFarah Hallal Muñoz.
260 _aSanto Domingo :
_bÁngeles de Fierro :
_bEditora Nacional,
_c2009.
300 _a42 p. ;
_c18 cm.
590 _aInventariado, 2018/LP
650 0 _aPoesía dominicana
_966
650 0 _aLiteratura dominicana.
_967
910 _aValidado. Control de calidad BNPHU
999 _c15337
_d15337